000 01062nas a2200265 i 4500
005 20260121101539.0
008 251227d ts qu|j| |||| 00| 0 ara d
022 _a1681-5297
022 _a2218-7073
040 _aEG-GICUC
_cEG-GICUC
_dEG-GICUC
_erda
082 0 4 _a343.0535
_221
245 0 2 _aالفكر الشرطي.
_nالمجلد الثاني والعشرون - العدد الثاني.
264 0 1 _aالإمارات العربية المتحدة :
_bالقيادة العامة لشرطة الشارقة-مركز بحوث الشرطة،
_c2013 -
300 _aمجلد ؛
_c26 سم.
336 _2rda content
_aText
337 _2rda media
_aunmediated
338 _2rda carrier
_avolume
362 0 _a.
500 _aدورية ربع سنوية، علمية محكمة ومفهرسة تعنى بالأبحاث الشرطية.
500 _aالعدد رقم 85 - أبريل 2013م.
650 0 4 _aالقانون الجنائي
_vدوريات
856 _uhttps://fll.law.cu.edu.eg/fulltext/cr/S10-00483.pdf
905 _a9
942 _2ddc
_cCR
_n0
999 _c52616
_d52616